[Event "Verden op-B"]
[Site "Verden"]
[Date "2023.01.06"]
[Round "4"]
[White "Tulchynsky, Mark"]
[Black "Brunner, Alexander1111"]
[Result "0-1"]
[WhiteElo "1295"]
[BlackElo "1991"]
[PlyCount "58"]
[EventDate "2023.01.05"]
[EventType "swiss"]
[EventRounds "7"]
[EventCountry "GER"]
[SourceTitle "CBM 212 Extra"]
[Source "ChessBase"]
[SourceDate "2023.03.31"]
[SourceVersion "1"]
[SourceVersionDate "2023.03.31"]
[SourceQuality "1"]

1. e4 d5 2. exd5 Qxd5 3. Nc3 Qa5 4. b4 Qxb4 5. Rb1 Qd6 6. Qf3 Nf6 7. Rxb7 c6 8. Rb3 g6 9. Bc4 Nbd7 10. Ba3 Qc7 11. Ne4 Bg7 12. d4 Nb6 13. Nxf6+ Bxf6 14. Re3 0-0 15. Bb3 Nd5 16. Bxd5 Qa5+ 17. Kd1 cxd5 18. Bxe7 Bxe7 19. Rxe7 Rb8 20. Ne2 Rb1+ 21. Nc1 Bf5 22. Re2 Qxa2 23. Rhe1 Qb2 24. Qe3 Rc8 25. c4 Qa1 26. Kd2 Rb2+ 27. Kd1 Qa4+ 28. Nb3 Rb1+ 29. Kd2 Qa2+ 0-1